000
00327nam a22001337a 4500
008
250318b |||||||| |||| 00| 0 eng d
020
_a
9732120405
050
_a
HD1410.6
_b
.I57
100
_a
NIL
245
_a
Impact of Structural Adjustment Programme
260
_a
Ondo State
_b
CBN Niser
_c
1992
300
_a
190p.
942
_c
BK
999
_c
2403
_d
2403